000
00241nam a2200097Ia 4500
008
240625s9999 xx 000 0 und d
041
_a
eng
082
_a
658.5 FIN
100
_a
FINCH BYRON J
245
_a
INTERCATIVE MODELS FOR OPERATIONS AND SU
999
_c
33559
_d
33559